| 000 | 00960nam a22002297a 4500 | ||
|---|---|---|---|
| 999 |
_c1848 _d1848 |
||
| 003 | AR-CdUCM | ||
| 008 | 190228b ||||| |||| 00| 0 spa d | ||
| 020 | _a84-309-0794-7 | ||
| 040 |
_aMUNICIPALIDAD PROVINCIAL DEL CUSCO _cBIBLIOTECA MUNICIPAL DEL CUSCO |
||
| 082 |
_a331.11 / _bA45 |
||
| 100 |
_aAlonso Olea, Manuel _96764 |
||
| 245 | _aDe la servidumbre al contrato de trabajo / | ||
| 260 |
_aMadrid : _bEditorial Tecnos, _c1979. |
||
| 300 |
_a137 paginas ; _c22 cm. |
||
| 505 | _aBodino; con un inciso sobre Domat y una referencia breve a campanella -- Hobbes; de los elementos al Leviathan -- Montesquieu; con una nota larga sobre "el espíritu de un pueblo" -- Rosseau; con referencias amplias a Pothier y Asso y Manuel y traducción de pasajes de Pothier... | ||
| 650 |
_aServidumbre _96765 |
||
| 650 |
_aTrabajo y ocio _96766 |
||
| 650 |
_aJornadas _96767 |
||
| 650 |
_aAcuerdo legal _96768 |
||
| 942 |
_2ddc _cLIBROS |
||
| 945 |
_awnts _d2019-02-28 |
||